Quarterly market report. - June 1999 - Winter 1999/2000 (Record no. 99619)

MARC details
000 -LEADER
fixed length control field 00652cam a2200241 4500
001 - CONTROL NUMBER
control field J99572
008 - FIXED-LENGTH DATA ELEMENTS--GENERAL INFORMATION
fixed length control field 000000n1999 000 0 eng u
035 ## - SYSTEM CONTROL NUMBER
System control number (Sirsi) u100143
050 ## - LIBRARY OF CONGRESS CALL NUMBER
Classification number 332.6324
110 ## - MAIN ENTRY--CORPORATE NAME
Corporate name or jurisdiction name as entry element Healey and Baker
9 (RLIN) 1907
245 ## - TITLE STATEMENT
Title Quarterly market report. - June 1999 - Winter 1999/2000
260 ## - PUBLICATION, DISTRIBUTION, ETC.
Place of publication, distribution, etc. London
Name of publisher, distributor, etc. Healey and Baker
Date of publication, distribution, etc. 1999
300 ## - PHYSICAL DESCRIPTION
Extent 3pt ; 30cm.
650 ## - SUBJECT ADDED ENTRY--TOPICAL TERM
Topical term or geographic name entry element PROPERTY-COMMERCIAL PROPERTY
650 ## - SUBJECT ADDED ENTRY--TOPICAL TERM
Topical term or geographic name entry element INDUSTRIAL PROPERTY
650 ## - SUBJECT ADDED ENTRY--TOPICAL TERM
Topical term or geographic name entry element OFFICES
650 ## - SUBJECT ADDED ENTRY--TOPICAL TERM
Topical term or geographic name entry element PROPERTY INVESTMENT
650 ## - SUBJECT ADDED ENTRY--TOPICAL TERM
Topical term or geographic name entry element RETAIL PROPERTY
650 ## - SUBJECT ADDED ENTRY--TOPICAL TERM
Topical term or geographic name entry element SHOPS
650 ## - SUBJECT ADDED ENTRY--TOPICAL TERM
Topical term or geographic name entry element YIELDS
690 ## - LOCAL SUBJECT ADDED ENTRY--TOPICAL TERM (OCLC, RLIN)
Topical term or geographic name as entry element PROPERTY-COMMERCIAL PROPERTY
942 ## - ADDED ENTRY ELEMENTS (KOHA)
Suppress in OPAC 0
Holdings
Withdrawn status Lost status Source of classification or shelving scheme Damaged status Not for loan Home library Current library Shelving location Date acquired Total Checkouts Full call number Barcode Date last seen Date last checked out Copy number Price effective from Koha item type
    Dewey Decimal Classification     London London Property market reports 02/11/1999 1 PROPERTY MARKET REPORTS 30059366 06/08/2019 27/10/2000 2 06/08/2019 Book
    Dewey Decimal Classification     London London Property market reports 02/11/1999   PROPERTY MARKET REPORTS 30059943 06/08/2019   3 06/08/2019 Reference material
    Dewey Decimal Classification     London London Property market reports 14/01/2000   PROPERTY MARKET REPORTS 30060454 06/08/2019   4 06/08/2019 Reference material
    Dewey Decimal Classification     London London Property market reports 05/04/2000 2 PROPERTY MARKET REPORTS 30061015 06/08/2019 12/04/2000 5 06/08/2019 Book
    Dewey Decimal Classification     London London Property market reports 23/06/2000 1 PROPERTY MARKET REPORTS 30061045 06/08/2019 27/10/2000 6 06/08/2019 Book